Cinderella (Record no. 348)

MARC details
000 -LEADER
fixed length control field 00520nam a22002177a 4500
001 - CONTROL NUMBER
control field 348
003 - CONTROL NUMBER IDENTIFIER
control field FISKH
005 - DATE AND TIME OF LATEST TRANSACTION
control field 20230328131554.0
008 - FIXED-LENGTH DATA ELEMENTS--GENERAL INFORMATION
fixed length control field 230328b cb ||||| |||| 00| 0 eng d
040 ## - CATALOGING SOURCE
Original cataloging agency FISKH
Language of cataloging eng
Transcribing agency FISKH
Modifying agency FISKH
050 ## - LIBRARY OF CONGRESS CALL NUMBER
Classification number PZ7
082 ## - DEWEY DECIMAL CLASSIFICATION NUMBER
Classification number 398.2
100 ## - MAIN ENTRY--PERSONAL NAME
Personal name Anderson, Helen
245 ## - TITLE STATEMENT
Title Cinderella
260 ## - PUBLICATION, DISTRIBUTION, ETC.
Place of publication, distribution, etc. Hertfordshire :
Name of publisher, distributor, etc. Make Believe Ideas
Date of publication, distribution, etc. 2015.
300 ## - PHYSICAL DESCRIPTION
Extent 18 leaves of plates.
Dimensions 18 cm.
505 ## - FORMATTED CONTENTS NOTE
Formatted contents note F
521 8# - TARGET AUDIENCE NOTE
Target audience note 340 <br/>
Source Lexile
521 8# - TARGET AUDIENCE NOTE
Target audience note F <br/>
Source Raz-Plus
942 ## - ADDED ENTRY ELEMENTS (KOHA)
Source of classification or shelving scheme Dewey Decimal Classification
Koha item type Books
Suppress in OPAC No
Holdings
Withdrawn status Lost status Source of classification or shelving scheme Damaged status Not for loan Collection Home library Current library Shelving location Date acquired Total Checkouts Full call number Barcode Date due Date last seen Date last checked out Copy number Price effective from Koha item type
    Dewey Decimal Classification     Juvenile Fiction Footprints International School Library Network Toul Kork Campus Footprints International School Library Network Toul Kork Campus TK Primary Library Room(4th Floor), Bookcase 7, Shelves 57-60, Dark Green Books 03/28/2023 2 AND 398.2 PZ7 2023-0068 09/03/2025 08/20/2025 08/20/2025 1 03/28/2023 Books
    Dewey Decimal Classification     Juvenile Fiction Footprints International School Library Network Toul Kork Campus Footprints International School Library Network Toul Kork Campus TK Primary Library Room(4th Floor), Bookcase 7, Shelves 57-60, Dark Green Books 03/28/2023 1 AND 398.2 PZ7 FISBK072758   10/09/2025 10/02/2025 2 03/28/2023 Books